000 00969nam a2200301Ia 4500
003 GCL
008 140319s9999 xx 000 0 ara d
020 _a5589208997
040 _aGCL /
_cGCL
082 0 4 _a213
_bن د
100 1 _aنيازى عزالدين
245 1 0 _aدين الرحمن :
_bالمدخل إلى الحقيقة /
_cنيازى عزالدين
250 _aالثانية
260 _aالقاهرة :
_bمكتبة مدبولى ،
_c2006
300 _a838 ص ؛
_c24 سم
650 0 4 _aالاداب الاسلامية
650 0 4 _aالصلاة
650 0 4 _aالصوم
650 0 4 _aالعبادات
650 0 4 _aالاسلام والاصلاح الدينى
650 0 4 _aالاسلام - دفع مطاعن
650 0 4 _aالحلال والحرام
650 0 4 _aالاخلاق السياسية
650 0 4 _aالامانة
650 0 4 _aالاسلام - مبادىء عامة
650 0 4 _aالشفاعة
942 _2ddc
_cBK
999 _c9485
_d9485